LILI MARLEEN (Record n. 106477)
[ formato base ]
| 000 -LEADER | |
|---|---|
| fixed length control field | 02228agaaa2200349 4500 |
| 001 - CONTROL NUMBER | |
| control field | 9057 |
| 003 - CONTROL NUMBER IDENTIFIER | |
| control field | IT-RoPAU |
| 005 - DATE AND TIME OF LATEST TRANSACTION | |
| control field | 20220918181246.0 |
| 007 - PHYSICAL DESCRIPTION FIXED FIELD--GENERAL INFORMATION | |
| fixed length control field | d cvaizq |
| 008 - FIXED-LENGTH DATA ELEMENTS--GENERAL INFORMATION | |
| fixed length control field | 50131s9999||||xx ||| | || ||und|| |
| 040 ## - CATALOGING SOURCE | |
| Original cataloging agency | IT-RoPAU |
| Transcribing agency | IT-RoPAU |
| 041 ## - LANGUAGE CODE | |
| Language code of text/sound track or separate title | ITALIANO |
| 100 ## - MAIN ENTRY--PERSONAL NAME | |
| Personal name | Fassbinder Rainer Werner |
| Miscellaneous information | Codice regista SPICS: 6794 |
| 9 (RLIN) | 47089 |
| 130 ## - MAIN ENTRY--UNIFORM TITLE | |
| Uniform title | LILI MARLEEN |
| 9 (RLIN) | 47090 |
| 240 ## - UNIFORM TITLE | |
| Uniform title | LILI MARLEEN |
| Miscellaneous information | T1945 |
| 245 ## - TITLE STATEMENT | |
| Title | LILI MARLEEN |
| Statement of responsibility, etc. | Prodotto da: Waldleitner Luggi -- Sceneggiatura: Purzer Manfred Fassbinder Rainer Werner -- Diretto da: Fassbinder Rainer Werner |
| Name of part/section of a work | LILI MARLEEN (Rif. Codice opera principale : 29057) |
| 246 ## - VARYING FORM OF TITLE | |
| Title proper/short title | LILI MARLEEN |
| 250 ## - EDITION STATEMENT | |
| Edition statement | Edizione Standard |
| 260 ## - PUBLICATION, DISTRIBUTION, ETC. (IMPRINT) | |
| Place of publication, distribution, etc. | MONACO - BERLINO (GERMANIA OCCID.) |
| Name of publisher, distributor, etc. | ROXY FILM - CIP FILM / Distribuzione: RAI |
| Date of manufacture | "1980 (1° ed.: 1985 ; Ed. Lingua Orig.: 1980)" |
| 300 ## - PHYSICAL DESCRIPTION | |
| Extent | VHS |
| Other physical details | sonoro, col. |
| Dimensions | 110 minuti |
| 508 ## - CREATION/PRODUCTION CREDITS NOTE | |
| Creation/production credits note | "Fotografia: Schwarzenberger Xave; Montaggio: Lorenz Juliane; Musica: Raben Peer; Sceneggiatura: Purzer Manfred Fassbinder Rainer Werner; Scenografia: Strabel Herbert; Coreografia: Gackstetter Dieter; Soggetto: Purzer Manfred -- Fassbinder Rainer Werner" |
| 511 ## - PARTICIPANT OR PERFORMER NOTE | |
| Participant or performer note | "Schygulla Hanna; Giannini Giancarlo; Ferrer Mel; Bohn Hark; Kier Udo; Hoven Adrian" |
| 520 ## - SUMMARY, ETC. | |
| Summary, etc. | LA VICENDA E' AMBIENTATA A ZURIGO NEL 1938 STORIA DI UNA GIOVANE CANTANTE DI CABARET IN CERCA DI SUCCESSO CAMPI DI STERMINIO NAZISTI IN POLONIA COLLABORAZIONE CON LA RESISTENZA GUERRA GRANDE AMORE IPOCRISIA FILM A COLORILA CANZONE LILI MARLEEN E' DI NORBERT SCHULTZE TESTO DI HANS LEIPSINFONIA N.8 DI GUSTAV MAHLER ESEGUITA DALLA CHICAGO SYMPHONY ORCHESTRA DIRETTA DA SIR GEORG SOLTIIL COPIONE E' STATO CREATO UTILIZZANDO IL ROMANZO IL CIELO HA UN'INFINITA'DI COLORI DI LALE ANDERSEN |
| 538 ## - SYSTEM DETAILS NOTE | |
| System details note | PAL, STEREO |
| 546 ## - LANGUAGE NOTE | |
| Language note | ITALIANO |
| 650 ## - SUBJECT ADDED ENTRY--TOPICAL TERM | |
| Topical term or geographic name as entry element | DRAMMATICO |
| Relator term | FILMS [VHS] |
| General subdivision | Codice MATERIA SPICS: 9960 |
| 9 (RLIN) | 34083 |
| 700 ## - ADDED ENTRY--PERSONAL NAME | |
| Personal name | Fassbinder Rainer Werner |
| Relator term | (regista) |
| Miscellaneous information | Codice regista SPICS: 6794 |
| 9 (RLIN) | 47091 |
| 700 ## - ADDED ENTRY--PERSONAL NAME | |
| Personal name | Fassbinder Rainer Werner |
| Relator term | (soggetto) |
| Miscellaneous information | Codice Soggetto 2° SPICS: 6794 |
| 9 (RLIN) | 47092 |
| 700 ## - ADDED ENTRY--PERSONAL NAME | |
| Personal name | Purzer Manfred |
| Relator term | (soggetto) |
| Miscellaneous information | Codice Soggetto SPICS: 31160 |
| 9 (RLIN) | 47093 |
| 700 ## - ADDED ENTRY--PERSONAL NAME | |
| Personal name | Raben Peer |
| Relator term | (musica) |
| Miscellaneous information | Codice Musica SPICS: 30736 |
| 9 (RLIN) | 47094 |
| 942 ## - ADDED ENTRY ELEMENTS (KOHA) | |
| Koha item type | VHS - VIDEO |
| Source of classification or shelving scheme | Dewey Decimal Classification |
| Withdrawn status | Lost status | Damaged status | Not for loan | Home library | Current library | Date acquired | Total Checkouts | Full call number | Date last seen | Price effective from | Koha item type | Public note |
|---|---|---|---|---|---|---|---|---|---|---|---|---|
| Buone Condizioni | Not For Loan | SPICS-MEDIATECA | SPICS-MEDIATECA | 31/01/2015 | 29057 | 31/01/2015 | 31/01/2015 | VHS - VIDEO | Progr. Ins.: 1764 / N.Vol.:1 / Copie: 1 / Pag.: / Copia rara: NO / date import: 1.2.2015 / By Epidotti, Trombetti, Vaglietti |